00346pab a2200133 454500008004000000100001900040245007100059260000900130300001300139362000800152650002200160650001400182773001600196180718b2017 xxu||||| |||| 00| 0 eng d aThakre, Sudhir aProsperity through panchayats: three years of rural transformation c2017 ap.35-37. aMay aRural development aPanchayat aKurukshetra